| 000 | 00977cam a2200157 4500500 | ||
|---|---|---|---|
| 005 | 20260405085605.0 | ||
| 041 | _afre | ||
| 042 | _adc | ||
| 100 | 1 | 0 |
_aMarquet, Jacques _eauthor |
| 700 | 1 | 0 |
_aVan Campenhoudt, Luc _eauthor |
| 700 | 1 | 0 |
_aQuivy, Raymond _eauthor |
| 245 | 0 | 0 | _aManuel de recherche en sciences sociales |
| 260 |
_bArmand Colin,
_c2022. |
||
| 520 | _aLa 6ème édition de cet ouvrage décompose les différentes étapes de la recherche en sciences sociales, offre un panorama complet et actualisé des techniques et méthodes disponibles et propose de nombreux travaux d’application.Afin de tenir compte de l'évolution très rapide des dispositifs pédagogiques, elle s'accompagne de compléments en ligne : questionnaires à critiquer, corpus d'entretiens à analyser, fichiers documentaires thématiques, exercices. | ||
| 856 | 4 | 1 | _uhttps://shs.cairn.info/manuel-de-recherche-en-sciences-sociales--9782200633950?lang=fr&redirect-ssocas=7080 |
| 999 |
_c2198787 _d2198787 |
||